The formation of the Resurrection narratives (Record no. 6308)
[ view plain ]
| 000 -LEADER | |
|---|---|
| fixed length control field | 00469cam a2200157 4500 |
| 001 - CONTROL NUMBER | |
| control field | 3668924 |
| 005 - DATE AND TIME OF LATEST TRANSACTION | |
| control field | 20250605130959.0 |
| 008 - FIXED-LENGTH DATA ELEMENTS--GENERAL INFORMATION | |
| fixed length control field | 710611s1971 nyu b 001 0 eng |
| 050 00 - LIBRARY OF CONGRESS CALL NUMBER | |
| Classification number | BT481 |
| Item number | .F84 |
| 082 00 - DEWEY DECIMAL CLASSIFICATION NUMBER | |
| Classification number | 232.97 |
| 100 1# - MAIN ENTRY--PERSONAL NAME | |
| Personal name | Fuller, Reginald H. |
| Fuller form of name | (Reginald Horace), |
| Dates associated with a name | 1915-2007. |
| 245 14 - TITLE STATEMENT | |
| Title | The formation of the Resurrection narratives |
| Statement of responsibility, etc. | [by] Reginald H. Fuller. |
| 260 ## - PUBLICATION, DISTRIBUTION, ETC. | |
| Place of publication, distribution, etc. | New York, |
| Name of publisher, distributor, etc. | Macmillan |
| Date of publication, distribution, etc. | [1971] |
| 300 ## - PHYSICAL DESCRIPTION | |
| Extent | xiv, 225 p. |
| Dimensions | 22 cm. |
| 942 ## - ADDED ENTRY ELEMENTS (KOHA) | |
| Source of classification or shelving scheme | Library of Congress Classification |
| Koha item type | Books |
| Suppress in OPAC | No |
| 999 ## - | |
| -- | 6308 |
| -- | 6308 |
| Withdrawn status | Lost status | Source of classification or shelving scheme | Damaged status | Not for loan | Collection | Home library | Current library | Shelving location | Date acquired | Total checkouts | Full call number | Barcode | Date last seen | Copy number | Price effective from | Koha item type |
|---|---|---|---|---|---|---|---|---|---|---|---|---|---|---|---|---|
| Library of Congress Classification | Non-fiction | Undergraduate Library (Christ Temple) | Undergraduate Library (Christ Temple) | General stacks | 06/05/2025 | BT481 FUL | ulct00003055 | 06/05/2025 | 1 | 06/05/2025 | Books |